Cities Hosting UEFA Euro 2020 - Statistics

General Stats
  • This quiz has been taken 257 times
  • The average score is 11 of 13
Answer Stats
Country City % Correct
United Kingdom London
96%
Netherlands Amsterdam
95%
Italy Rome
95%
Ireland Dublin
93%
Germany Munich
93%
Denmark Copenhagen
91%
Azerbaijan Baku
90%
Hungary Budapest
89%
Belgium Brussels
88%
Russia Saint Petersburg
82%
Romania Bucharest
79%
United Kingdom Glasgow
73%
Spain Bilbao
62%
No matching quizzes found
Score Distribution
Percent of People with Each Score
Percentile by Number Answered
Your Score History
You have not taken this quiz